000 01076cam a22003377a 4500
003 CHAP
005 20220817043717.0
008 000927d1999 it rn 00110 eng d
010 _a82379
011 _a83351
020 _a9251043698
035 _a93863
040 _cCHAP
082 0 4 _a507.2
_bF3 v.7
110 2 _aFAO
245 1 0 _aGlossary of biotechnology and genetic engineering
_c/by A. Zaid [and others]
260 _aRome :
_bFAO,
_c1999.
300 _a250 p.
490 0 _aFAO. Investigación y tecnología
_v; 7
590 _aBATCH-UPD
_b10
_c20130110
_lUCH01
_h2244
590 _aBATCH-UPD
_b10
_c20130410
_lUCH01
_h1538
590 _aBATCH-UPD
_b10
_c20130914
_lUCH01
_h0640
590 _aCONVERSION
_b10
_c20130109
_lUCH01
_h1346
650 _aIngeniería genética
_xDiccionarios
_958229
650 1 4 _aBiotecnología
_xDiccionarios.
_912880
830 0 0 _aFAO. Investigación y tecnología
_v; 7
_939606
901 _aBK
905 _aPatricia Mendoza P.
942 _cLIBRO
949 _a507.2 F3 v.7
_bBC
_cFAO
_d33724000779815
_eFAO1
_h98677
_i93863
_kDonaciØn
_sb
999 _c82379
_d82379